000 00304nam a22001337a 4500
008 170623b xxu||||| |||| 00| 0 eng d
020 _a9791576073611
041 _aeng
080 _a32
100 _a21
101 _aSHP
245 _aNUCLEAR WEAPONS AND NONPROLIFERATION
_cDIEHL,S.J
942 _2udc
_cBK
999 _c19012
_d19012